[Event "Brest Black Pawn H op 2nd"]
[Site "Brest"]
[Date "2018.11.03"]
[Round "4"]
[White "Abgaryan, Harutyun V"]
[Black "Deblik, Oleg"]
[Result "0-1"]
[WhiteElo "1672"]
[BlackElo "1705"]
[PlyCount "108"]
[EventDate "2018.11.02"]
[EventType "swiss"]
[EventRounds "5"]
[EventCountry "BLR"]
[SourceTitle "CBM 187 Extra"]
[Source "ChessBase"]
[SourceDate "2018.11.04"]
[SourceVersion "1"]
[SourceVersionDate "2018.11.04"]
[SourceQuality "1"]

1. d4 d5 2. c4 c6 3. Nf3 Nf6 4. Nc3 e6 5. e3 Nbd7 6. Bd3 dxc4 7. Bxc4 b5 8. Bd3 Bb7 9. e4 b4 10. Ne2 c5 11. Bg5 Be7 12. Ng3 cxd4 13. Nxd4 0-0 14. Nb3 a5 15. 0-0 Ne5 16. Bc2 Nc4 17. Qc1 a4 18. Rd1 Qc8 19. Nd4 h6 20. Bd2 Rd8 21. Nf3 Ng4 22. h3 Nge5 23. Nxe5 Nxe5 24. Nh5 Qc4 25. Bxh6 Rxd1+ 26. Bxd1 Qxe4 27. f3 Qe1+ 28. Kh2 gxh6 29. Qxh6 Nxf3+ 30. Bxf3 Bd6+ 31. Nf4 Qxa1 32. Bxb7 Ra5 33. Be4 Bxf4+ 34. Qxf4 Qe1 35. Bh7+ Kg7 36. Be4 b3 37. axb3 axb3 38. Qg4+ Kf8 39. Qf3 f5 40. Qxb3 fxe4 41. Qxe6 Qb4 42. Qf6+ Ke8 43. Qe6+ Kd8 44. Qg8+ Kc7 45. Qf7+ Kc6 46. Qe8+ Kc5 47. Qe7+ Kb5 48. Qd7+ Kc4 49. Qe6+ Kd3 50. Qd7+ Qd4 51. Qb7 Qe5+ 52. g3 Rb5 53. Qd7+ Ke3 54. Qd1 Qxb2+ 0-1